000 00383nam a2200169Ia 4500
003 0100
008 130303s9999 xx 000 0 und d
040 _cARRUPELIB
050 _aBR430.D51969
100 _aDickens, A.G
245 4 _aThe Counter Reformation
260 _aNorwich, G.B
260 _bHarcourt, Brace World, inc
260 _C1969
300 _a215p
942 0 0 _01
999 _c34427
_d34427